Statistics for Old names - Which Modern Country?

Click here to take the quiz!

General Stats

  • This quiz has been taken 7,163 times
    (2,995 since last reset)
  • The average score is 26 of 40

Answer Stats

HintAnswer% Correct
PersiaIran
93%
MesopotamiaIraq
87%
ZaireDemocratic Republic of the Congo
85%
East PakistanBangladesh
84%
SiamThailand
84%
British GuianaGuyana
83%
AbyssiniaEthiopia
82%
Dutch East IndiesIndonesia
82%
CeylonSrilanka
80%
South RhodesiaZimbabwe
80%
French GuineaGuinea
79%
Dutch GuianaSuriname
78%
GaulFrance
75%
TanganyikaTanzania
75%
Northern RhodesiaZambia
75%
German South West AfricaNamibia
74%
British HondurasBelize
72%
Portuguese East AfricaMozambique
69%
KampucheaCambodia
67%
French SomalilandDjibouti
67%
Portuguese GuineaGuinea-Bissau
67%
Gold CoastGhana
66%
Spanish GuineaEquatorial Guinea
65%
DalmatiaCroatia
64%
Spanish East IndiesPhilippines
63%
FormosaTaiwan
62%
New HollandAustralia
55%
BechuanalandBotswana
55%
HelvetiaSwitzerland
54%
PhoeniciaLebanon
53%
DahomeyBenin
52%
French SudanMali
51%
Upper VoltaBurkina Faso
48%
HiberniaIreland
48%
BasutolandLesotho
46%
NyasalandMalawi
45%
Gilbert IslandsKiribati
43%
LusitaniaPortugal
42%
New HebridesVanuatu
35%
Ellice IslandsTuvalu
33%

Score Distribution

Percentile by Number Answered

Percent of People with Each Score

Your Score History

You have not taken this quiz since the last reset